000 00878nam a2200229 a 4500
001 000022501
005 20251120073732.0
008 101012s1999 dr 000 0 spa d
020 _a8489548528
040 _aDO-SdBNP
_bspa
_cBNPHU
082 _axxxx
_bR426d
245 0 3 _aLa República Dominicana en el umbral del siglo XXI :
_bcultura, política y cambio social /
_ceditores Ramonina Brea, Rosario Espinal y Fernando Valerio Holguín.
260 _aSanto Domingo :
_bPUCMM,
_c1999.
300 _a548 p. ;
_c23 cm.
504 _aIncluye referencias bibliográficas y notas al pie de las páginas
504 _aBibliografías : p. 541-543
700 1 _aBrea, Ramonina
_eed.
_98319
700 1 _aEspinal, Rosario
_d1955-
_eed.
_943869
700 1 _aValerio Holguín, Fernando
_eed.
_919580
049 _aBNPD
710 2 _aPontificia Universidad Católica Madre y Maestra
_9843
999 _c21999
_d21999